00222nam a2200097Ia 4500008004100000100001400041245003600055260001600091260000900107300000800116170620s9999 xx 000 0 und d aMrunalini 0aEducation and Electronioc Media bA.P.H. Pub. c2007 a195